La Venus del espejo (Record no. 152055)

MARC details
000 -LEADER
campo de control de longitud fija 00687nam a2200181 i 4500
001 - NÚMERO DE CONTROL
campo de control 152055
003 - IDENTIFICADOR DE NÚMERO DE CONTROL
campo de control ES-MaACL
005 - FECHA Y HORA DE LA ÚLTIMA TRANSACCIÓN
campo de control 20240513170005.0
008 - DATOS DE LONGITUD FIJA--INFORMACIÓN GENERAL
campo de control de longitud fija 051010q1905 sp af |||| | spa d
100 1# - ENTRADA PRINCIPAL--NOMBRE DE PERSONA
Nombre de persona Beruete, Aureliano de,
Fechas asociadas al nombre 1845-1912
9 (RLIN) 149341
245 13 - MENCIÓN DEL TÍTULO
Título La Venus del espejo
Resto del título : cuadro de Velázquez /
Mención de responsabilidad, etc. A. de Beruete.
260 ## - PUBLICACIÓN, DISTRIBUCIÓN, ETC.
Lugar de publicación, distribución, etc. [Madrid :
Nombre del editor, distribuidor, etc. s.n.,
Fecha de publicación, distribución, etc. 1905] (
Fabricante Imp. de P. Apalategui)
300 ## - DESCRIPCIÓN FÍSICA
Extensión 16 p., [1] h. de lám. grab. ;
Dimensiones 27 cm.
596 ## - NOTA AL PIE DE IMPRENTA
NOTA AL PIE DE IMPRENTA En port.: Publicado en la Revista "Cultura Española"
600 14 - PUNTO DE ACCESO ADICIONAL DE MATERIA--NOMBRE DE PERSONA
Nombre de persona Velázquez, Diego,
Fechas asociadas al nombre 1599-1660
9 (RLIN) 113793
852 ## - LOCALIZACIÓN
Ubicación ES-MaACL
Número de control de estantería T-1072-F-6
Nota libre . - Enc. hol., conservando la enc. rúst.
Holdings
Estatus retirado Estado de pérdida Estado de daño No para préstamo Colección Biblioteca de origen Biblioteca actual Ubicación en estantería Fecha de adquisición Total de préstamos Signatura topográfica completa Código de barras Visto por última vez Precio de reemplazo Tipo de ítem Koha
        Colección de folletos Biblioteca del Ateneo de Madrid Biblioteca del Ateneo de Madrid Depósito folletos 17/01/2008   T-1072-F-6 1158719 23/02/2023 23/02/2023 Folleto